Project management workbook : and PMP/CAPM exam... (10th ed.) (Record no. 77089)

MARC details
000 -LEADER
fixed length control field 00919nam a2200205 a 4500
008 - FIXED-LENGTH DATA ELEMENTS--GENERAL INFORMATION
fixed length control field 100917s2009 ||||||||||||||||| || u
020 ## - INTERNATIONAL STANDARD BOOK NUMBER
International Standard Book Number 9780470278727
050 ## - LIBRARY OF CONGRESS CALL NUMBER
Classification number HD 69.P75 KER
100 ## - MAIN ENTRY--PERSONAL NAME
Personal name Kerzner, Harold
245 10 - TITLE STATEMENT
Title Project management workbook : and PMP/CAPM exam... (10th ed.)
Statement of responsibility, etc. Harold Kerzner & Frank P. Saladis
250 ## - EDITION STATEMENT
Edition statement 10th ed.
260 ## - PUBLICATION, DISTRIBUTION, ETC.
Place of publication, distribution, etc. Hoboken, N.J.:
Name of publisher, distributor, etc. John Wiley and Sons
Date of publication, distribution, etc. 2009
300 ## - PHYSICAL DESCRIPTION
Extent vii, 460p.
350 ## -
-- 0.00
650 ## - SUBJECT ADDED ENTRY--TOPICAL TERM
Topical term or geographic name entry element PROJECT MANAGEMENT--HANDBOOKS, MANUALS, ETC
650 #0 - SUBJECT ADDED ENTRY--TOPICAL TERM
Topical term or geographic name entry element MANAGEMENT
700 ## - ADDED ENTRY--PERSONAL NAME
Personal name Saladis, Frank P
995 ## -
-- MAIN LIBRARY OPEN ACCESS
-- 0.00
-- 741721
-- CBU-MAIN LIBRARY (Kitwe)
-- 1
-- 0.00
-- HD 69.P75 KER
-- 2
-- AVAILABLE
-- Oct 7, 2010
-- 741721
-- Main Library Open Access Collection
995 ## -
-- MAIN LIBRARY OPEN ACCESS
-- 0.00
-- 741428
-- CBU-MAIN LIBRARY (Kitwe)
-- 1
-- 0.00
-- HD 69.P75 KER
-- 1
-- AVAILABLE
-- Sep 17, 2010
-- 741428
-- Main Library Open Access Collection
999 ## -
-- 77089
-- 77089
Holdings
Withdrawn status Lost status Source of classification or shelving scheme Damaged status Not for loan Permanent Location Current Location Shelving location Date acquired Total Checkouts Full call number Barcode Date last seen Copy number Price effective from Koha item type
          CBU-MAIN LIBRARY, KITWE. CBU-MAIN LIBRARY, KITWE.   04/25/2023   HD 69.P75 KER 741721 04/25/2023 1 04/25/2023 MONOGRAPH
          CBU-MAIN LIBRARY, KITWE. CBU-MAIN LIBRARY, KITWE.   04/25/2023   HD 69.P75 KER 741428 04/25/2023 2 04/25/2023 MONOGRAPH